000 00630nam a22002057a 4500
003 0
005 20260205163226.0
008 260205b xxu||||| |||| 00| 0 eng d
020 _a978-1-78370-249-7
050 _aM 520
_bM37 2016
082 _aM 520
_bM37 2016
100 _aMartin, Ruth
245 _aOuter space /
_cRuth Martin & Allan Sanders.
260 _aLondon :
_bA Templar Books,
_c2016.
300 _a16 unnumbered pages :
_bcolored illustrations ;
_c23 cm.
650 _aOuter space
_vExploration
_xJuvenile literature.
650 _aSpace flight
_vJuvenile literature.
650 _aPicture books.
942 _2ddc
_cBK
999 _c368834
_d368834